[Event "29th ECC Open 2013"]
[Site "Rhodes GRE"]
[Date "2013.10.22"]
[Round "3.9"]
[White "Pruijssers,R"]
[Black "Zhigalko,A"]
[Result "0-1"]
[WhiteElo "2529"]
[BlackElo "2615"]

1.e4 c5 2.Nf3 e6 3.d4 cxd4 4.Nxd4 Nc6 5.Nc3 Qc7 6.Be3 a6 7.Qd2 Nf6 8.O-O-O Be7
9.f3 b5 10.g4 O-O 11.g5 Nh5 12.Nce2 Nxd4 13.Qxd4 f5 14.gxf6 Bxf6 15.Qd2 Be5
16.Bg2 a5 17.Rhf1 Ra6 18.f4 Rd6 19.Nd4 Nxf4 20.Rxf4 Rxf4 21.Bxf4 Rxd4 22.Qxd4 Bxf4+
23.Kb1 Bxh2 24.Qf2 Be5 25.Qh4 d6 26.a3 Qd7 27.Qe1 a4 28.Qa5 Qe8 29.Bf1 Bd7
30.c4 bxc4 31.Bxc4 g5 32.Rc1 g4 33.Be2 h5 34.Qd2 Kh7 35.Rc7 Kg6 36.Qb4 g3
37.Bf3 Qf7 38.Bg2 Qf2 39.Rc2 Qd4 40.Qb8 Qd1+ 41.Rc1 Qd3+ 42.Rc2 Qd1+ 43.Rc1 Qd4
44.Rc2 Bg7 45.Bf3 Qg1+ 46.Ka2 Qe3 47.Bg2 Qd3 48.Qc7 Bb5 49.Qc8 Qb3+ 50.Ka1 Bd3  0-1

[Event "17th Unive Open 2013"]
[Site "Hoogeveen NED"]
[Date "2013.10.23"]
[Round "6.11"]
[White "Kollen,Z"]
[Black "Van Kooten,L"]
[Result "0-1"]
[WhiteElo "2188"]
[BlackElo "2375"]

1.e4 c5 2.Nf3 e6 3.d4 cxd4 4.Nxd4 Nc6 5.Nc3 Qc7 6.Be3 a6 7.Bd3 b5 8.Nxc6 Qxc6
9.O-O Bb7 10.Kh1 Nf6 11.f3 Bd6 12.Qe1 Qc7 13.Bd4 e5 14.Be3 Bc5 15.Bg5 Be7
16.a4 b4 17.Ne2 a5 18.Ng3 Ng8 19.Bd2 Bh4 20.c3 bxc3 21.Bxc3 Ne7 22.Qe3 Bxg3
23.hxg3 O-O 24.Rac1 Qd6 25.Rfd1 Qe6 26.Bb5 d6 27.Qb6 Qh6+ 28.Kg1 Bc8 29.Qxd6 Qe3+
30.Kf1 Ng6 31.Qd2 Qb6 32.b4 Ba6 33.Bxa6 axb4 34.Bb5 bxc3 35.Qxc3 h5 36.Qb3 Qf6
37.Rd7 h4 38.Rc6 Qg5 39.Rcc7 h3 40.Rxf7 hxg2+ 41.Kxg2 Qd2+ 42.Kf1 Kh8 43.Rxg7 Qh6
44.Rh7+ Qxh7 45.Rxh7+ Kxh7 46.Kg2 Rad8 47.a5 Rd2+ 48.Kh3 Kg7 49.Qe3 Rb2 50.Bd7 Kf6
51.Bf5 Rh8+ 52.Kg4 Nf4 53.Bg6 Rh4+  0-1

[Event "17th Unive Open 2013"]
[Site "Hoogeveen NED"]
[Date "2013.10.23"]
[Round "6.37"]
[White "Vos,T"]
[Black "Lecomte,Robin"]
[Result "1/2-1/2"]
[WhiteElo "2097"]
[BlackElo "2040"]

1.e4 c5 2.Nf3 e6 3.d4 cxd4 4.Nxd4 Nc6 5.Nc3 Qc7 6.Be3 a6 7.Be2 Nf6 8.O-O Be7
9.f4 d6 10.Qe1 O-O 11.Qg3 Nxd4 12.Bxd4 b5 13.e5 dxe5 14.Bxe5 Qb6+ 15.Kh1 Bb7
16.f5 Kh8 17.fxe6 Qxe6 18.Rae1 b4 19.Nd1 Bd6 20.Bxd6 Ne4 21.Qf4 Qxd6 22.Bd3 Qxf4
23.Rxf4 f5 24.c3 a5 25.Kg1 g6 26.h4 bxc3 27.Bxe4 fxe4 28.Rxf8+ Rxf8 29.Nxc3 Kg7
30.Re2 Rf4 31.g3 Rg4 32.Kf2 Kf6 33.Nd1 e3+ 34.Rxe3 Rd4 35.Nc3 Bc6 36.Re1 Rd2+
37.Re2 Rd3 38.Ne4+ Kf5 39.Nd2 Kg4 40.Nf1 Rf3+ 41.Kg1 Rf6 42.Re5 a4 43.b4 axb3
44.axb3 h6 45.b4 g5 46.b5 Bb7 47.hxg5 hxg5 48.Rc5 Ba8 49.Nh2+  1/2-1/2

[Event "29th ECC Open 2013"]
[Site "Rhodes GRE"]
[Date "2013.10.23"]
[Round "4.3"]
[White "Giri,A"]
[Black "Mullon,J"]
[Result "1-0"]
[WhiteElo "2749"]
[BlackElo "2445"]

1.e4 c5 2.Nf3 e6 3.d4 cxd4 4.Nxd4 Nc6 5.Nc3 d6 6.g4 h6 7.Rg1 a6 8.Be3 Nf6
9.h4 h5 10.gxh5 Nxh5 11.Qd2 Bd7 12.O-O-O Qc7 13.Nf5 Ne5 14.Nxd6+ Bxd6 15.Qxd6 Qxd6
16.Rxd6 Nf3 17.Rh1 Nf6 18.h5 Rc8 19.Be2 Ne5 20.Rdd1 b5 21.h6 Neg4 22.Bxg4 Nxg4
23.hxg7 Rg8 24.Rh8 Ke7 25.Bc5+  1-0

[Event "29th ECC Open 2013"]
[Site "Rhodes GRE"]
[Date "2013.10.23"]
[Round "4.17"]
[White "Ochsner,B"]
[Black "Van Delft,M"]
[Result "0-1"]
[WhiteElo "2296"]
[BlackElo "2425"]

1.e4 c5 2.Nf3 e6 3.d4 cxd4 4.Nxd4 Nc6 5.Nc3 Qc7 6.Be3 a6 7.Qd2 Nf6 8.O-O-O Be7
9.f3 b5 10.g4 Nxd4 11.Qxd4 Bb7 12.g5 Nh5 13.Kb1 Rc8 14.Qd2 g6 15.Bh3 b4 16.Ne2 d5
17.e5 O-O 18.Bg4 d4 19.Bxd4 Rfd8 20.Rhe1 a5 21.Rc1 Qxe5 22.Bxe5 Rxd2 23.h4 Bc5
24.Rcd1 Rcd8 25.Rxd2 Rxd2 26.Kc1 Be3 27.Nd4 Rd3+ 28.Kb1 Rxd4 29.Bxd4 Bxd4
30.Rd1 Bc5 31.Rd8+ Bf8 32.Rd7 Bd5 33.Ra7 Nf4 34.Rxa5 f5 35.gxf6 h5 36.a4 bxa3
37.Ra4 Bd6 38.c4 hxg4 39.cxd5 gxf3 40.dxe6 Nxe6  0-1

[Event "29th ECC Open 2013"]
[Site "Rhodes GRE"]
[Date "2013.10.24"]
[Round "5.12"]
[White "Costantini,R"]
[Black "Van der Elburg,F"]
[Result "1/2-1/2"]
[WhiteElo "2300"]
[BlackElo "2196"]

1.e4 c5 2.Nf3 e6 3.d4 cxd4 4.Nxd4 Nc6 5.Nc3 Qc7 6.Be3 a6 7.Qd2 Nf6 8.O-O-O Be7
9.f3 b5 10.g4 O-O 11.g5 Nh5 12.Kb1 Nxd4 13.Qxd4 f6 14.Nd5 Qd6 15.Nxe7+ Qxe7
16.Rg1 g6 17.f4 fxg5 18.f5 Nf4 19.fxg6 h6 20.Qb6 Nxg6 21.e5 Nxe5 22.Qc7 Ng6
23.h4 Nxh4 24.Bc5 Qd8 25.Qh2 Nf5 26.Bd3 Rf6 27.Rxg5+ hxg5 28.Qg2 Bb7 29.Qxb7 Rf7
30.Qg2 Rc8 31.Bf2 Qf6 32.Qb7 Nd6 33.Qxa6 Rc6 34.Qa8+ Rc8 35.Qa6 Qxf2 36.Qxd6 Qf4
37.Qa6 Rb8 38.b3 Qe5 39.Qa7 g4 40.Qg1 Rg7 41.Re1 Qg5 42.Qg3 Rf8 43.Rh1 Qf4
44.Qh4 g3 45.Bh7+ Kh8 46.Qh3 Qg4 47.Qh6 Qg5 48.Qh3 Qg4 49.Qh6 Qg5 50.Qh3  1/2-1/2

[Event "29th ECC Open 2013"]
[Site "Rhodes GRE"]
[Date "2013.10.24"]
[Round "5.5"]
[White "Vedder,R"]
[Black "Popov,Iv RUS"]
[Result "0-1"]
[WhiteElo "2257"]
[BlackElo "2653"]

1.e4 c5 2.Nf3 e6 3.d4 cxd4 4.Nxd4 Nc6 5.Nc3 a6 6.Be3 Nf6 7.Nxc6 bxc6 8.e5 Nd5
9.Nxd5 cxd5 10.Bd3 d6 11.exd6 Bxd6 12.O-O O-O 13.f4 Qc7 14.Qh5 g6 15.Qh6 Bc5
16.Bxc5 Qxc5+ 17.Kh1 a5 18.Rf3 Qd4 19.c3 Qg7 20.Qxg7+ Kxg7 21.b4 Bb7 22.b5 Rac8
23.Rc1 d4 24.Rf2 dxc3 25.Rfc2 Rfd8 26.Bf1 Rd2 27.Rxc3 Rxc3 28.Rxc3 Rxa2 29.Kg1 a4
30.Rc7 Bd5 31.b6 a3 32.Ra7 Ra1 33.Kf2 a2 34.b7 Rb1  0-1

[Event "29th ECC Open 2013"]
[Site "Rhodes GRE"]
[Date "2013.10.25"]
[Round "6.12"]
[White "Coenen,N"]
[Black "Van der Elburg,F"]
[Result "1/2-1/2"]
[WhiteElo "2316"]
[BlackElo "2196"]

1.e4 c5 2.Nf3 e6 3.d4 cxd4 4.Nxd4 Nc6 5.Nc3 Qc7 6.Be2 a6 7.O-O Nf6 8.Be3 Be7
9.f4 d6 10.Qe1 O-O 11.Qg3 Nxd4 12.Bxd4 b5 13.a3 Bb7 14.Rae1 Rad8 15.Kh1 Rd7
16.Bd3 Re8 17.Qh3 Qd8 18.Re3 g6 19.Nd1 Bf8 20.Nf2 e5 21.fxe5 dxe5 22.Bc3 Nh5
23.Ng4 Bg7 24.Ref3 Bc8 25.Bd2 Rb7 26.R3f2 Be6 27.Qf3 Qc8 28.Nh6+ Kh8 29.Nf5 Bf8
30.Bb4 Bxb4 31.axb4 Rd8 32.Rd1 Nf4 33.Ne3 Kg8 34.Bf1 Rxd1 35.Qxd1 Rd7 36.Rd2 Rxd2
37.Qxd2 Qc6 38.Bd3 Qd6 39.Qc3 f6 40.Bf1 Qd4 41.Qxd4 exd4 42.Nd1 Bc4 43.Kg1 Kf7
44.g3 Ne6 45.Nf2 Nd8 46.c3 Nc6 47.Bh3  1/2-1/2

[Event "17th OIBM 2013"]
[Site "Bad Wiessee GER"]
[Date "2013.10.26"]
[Round "2.30"]
[White "Zude,A"]
[Black "Proschmann,T"]
[Result "1-0"]
[WhiteElo "2416"]
[BlackElo "2087"]

1.e4 c5 2.Nf3 Nc6 3.d4 cxd4 4.Nxd4 e6 5.Nc3 Qc7 6.Be3 a6 7.Qd2 Nf6 8.O-O-O Bb4
9.f3 b5 10.Nb3 Ne5 11.Bd4 Ng6 12.Qe3 O-O 13.e5 Bxc3 14.Qxc3 Qxc3 15.Bxc3 Nd5
16.Bd4 Bb7 17.Na5 Bc6 18.c4 Nde7 19.Bc3 Rfc8 20.Nxc6 Nxc6 21.cxb5 axb5 22.Bxb5 Rxa2
23.Kb1 Ra7 24.Rhe1 Nf4 25.Re4 Nd5 26.Bd2 Rb8 27.Bxc6 dxc6 28.Rc1 Rab7 29.Rc2 c5
30.Rec4 h6 31.Rxc5 Kh7 32.R5c4 g5 33.h4 Kg6 34.hxg5 hxg5 35.Rg4 f6 36.exf6 Kxf6
37.Bxg5+ Kf5 38.Bd2 Rh7 39.Re4 Rh2 40.Re2 Rh4 41.Re1  1-0

[Event "18th Casino de Barcelona 2013"]
[Site "Barcelona ESP"]
[Date "2013.10.26"]
[Round "2.4"]
[White "Alsina Leal,D"]
[Black "Shankland,S"]
[Result "1/2-1/2"]
[WhiteElo "2539"]
[BlackElo "2605"]

1.e4 c5 2.Nf3 e6 3.d4 cxd4 4.Nxd4 Nc6 5.Nc3 Qc7 6.g3 a6 7.Bg2 d6 8.O-O Bd7
9.Re1 Be7 10.Nxc6 Bxc6 11.Qg4 h5 12.Qe2 h4 13.a4 hxg3 14.hxg3 Kf8 15.a5 Bf6
16.Qd3 Rh5 17.Bd2 Ne7 18.f4 g6 19.Bf3 Rc5 20.Kg2 Rc8 21.Rh1 Kg8 22.b4 Bb5
23.Nxb5 Rxb5 24.c4 Qxc4 25.Qxc4 Rxc4 26.Rac1 Rd4 27.Bc3 Nc6 28.e5 dxe5 29.Bxc6 bxc6
30.Bxd4 exd4 31.Rxc6 Rxb4 32.Rxa6 Ra4 33.Rd1 Kg7 34.Rd3 g5 35.Kf3 gxf4 36.gxf4 Bd8
37.Rd6 Bxa5 38.R6xd4 Rxd4 39.Rxd4 f5 40.Rc4 Kf6 41.Rc6 Bd2 42.Rd6 Bc3 43.Ke3 Ke7
44.Rc6 Bf6 45.Rc7+ Kd6 46.Rf7 Bb2 47.Kf3 Bc1 48.Ra7 Bb2 49.Rb7 Bc3 50.Rf7 Bd2
51.Ra7 Bc3 52.Ra3 Bb4 53.Ra4 Bc5 54.Kg3 Ke7 55.Ra8 Bd6 56.Kf3  1/2-1/2

[Event "17th Unive Open 2013"]
[Site "Hoogeveen NED"]
[Date "2013.10.26"]
[Round "9.1"]
[White "Haslinger,S"]
[Black "Rodshtein,M"]
[Result "1/2-1/2"]
[WhiteElo "2543"]
[BlackElo "2664"]

1.e4 c5 2.Nf3 e6 3.d4 cxd4 4.Nxd4 Nc6 5.Nc3 Qc7 6.f4 a6 7.Nxc6 bxc6 8.Bd3 d5
9.O-O Nf6 10.Kh1 Be7 11.Qf3 Bb7 12.f5 e5 13.Qg3 d4 14.Nb1 c5 15.Nd2 O-O 16.Re1 Ne8
17.Nc4 Bf6 18.a4 Nd6 19.Bg5 Bxg5 20.Qxg5 h6 21.Qh4 Qd8 22.Qh5 Qf6 23.Nxd6 Qxd6
24.Bc4 Qf6 25.Ra3 Kh7 26.Rh3 a5 27.Kg1 Rad8 28.g4 g5 29.fxg6+ Qxg6 30.Qxe5 Rde8
31.Qxc5 Bxe4 32.Qxd4 Bxc2 33.Rxe8 Rxe8 34.Rf3 f5 35.Qd7+ Kh8 36.Qd4+ Kh7
37.h3 Qg5 38.Bd3 Re1+ 39.Rf1 Qh4 40.Qd7+ Re7 41.Bxf5+ Bxf5 42.Qxf5+ Kg7 43.Qf8+ Kh7
44.Qf5+ Kg7 45.Qf3 Rd7 46.Qf8+ Kh7 47.Qf5+ Kh8 48.Qf6+ Qxf6 49.Rxf6 Kg7 50.Rf5 Rd1+
51.Kf2 Rd2+ 52.Ke1 Rxb2 53.Rxa5 Ra2 54.h4 Rg2 55.g5 h5 56.Ra7+ Kg6 57.Ra6+ Kg7
58.Rh6 Ra2 59.Rxh5 Rxa4 60.Kf2 Ra6 61.Ke3 Rd6 62.Ke4 Ra6 63.Ke5 Rb6 64.Kf5 Ra6
65.Ke5 Rb6 66.Kd5 Ra6 67.Kc5 Re6 68.Kd5 Ra6 69.Kc4 Rc6+ 70.Kb5 Re6 71.Kc5 Ra6  1/2-1/2

[Event "29th ECC Open 2013"]
[Site "Rhodes GRE"]
[Date "2013.10.26"]
[Round "7.8"]
[White "Tan,Mat"]
[Black "Boel,M"]
[Result "1-0"]
[WhiteElo "2438"]
[BlackElo "2231"]

1.e4 c5 2.Nf3 e6 3.d4 cxd4 4.Nxd4 Nc6 5.Nc3 Qc7 6.Be2 a6 7.O-O Nf6 8.Kh1 b5
9.Nxc6 dxc6 10.f4 Bb7 11.e5 b4 12.exf6 bxc3 13.f5 Qe5 14.fxe6 fxe6 15.f7+ Ke7
16.Bf4 Qd5 17.Bc4 Qxc4 18.Bg5+  1-0

[Event "29th ECC Open 2013"]
[Site "Rhodes GRE"]
[Date "2013.10.26"]
[Round "7.4"]
[White "Yilmazyerli,M"]
[Black "Tregubov,P"]
[Result "0-1"]
[WhiteElo "2414"]
[BlackElo "2606"]

1.e4 c5 2.Nf3 Nc6 3.Nc3 e6 4.d4 cxd4 5.Nxd4 Qc7 6.Be2 a6 7.O-O Nf6 8.Be3 Be7
9.f4 d6 10.Qe1 O-O 11.Qg3 Nxd4 12.Bxd4 b5 13.a3 Bb7 14.Rae1 Rad8 15.Bd3 Rfe8
16.Kh1 Rd7 17.Qh3 e5 18.Be3 Bd8 19.fxe5 dxe5 20.Bg5 Rd6 21.Rf3 Bc8 22.Qh4 h6
23.Bxf6 Rxf6 24.Rxf6 Bxf6 25.Qh5 Bg5 26.Rf1 Be6 27.Qe2 Qc5 28.a4 bxa4 29.Nxa4 Qd4
30.Ra1 a5 31.Qe1 Ra8 32.Qc3 Be3 33.Qxd4 Bxd4 34.Ra3 Rb8 35.b3 g6 36.h3 h5
37.h4 Kg7 38.Ra2 Kf6 39.Kh2 Ke7 40.Bc4 Bxc4 41.bxc4 Rb1 42.c3 Bg1+ 43.Kh3 Re1
44.g3 Rxe4 45.Kg2 Ba7 46.Nb2 Re2+ 47.Kf3 Rf2+ 48.Ke4 Ke6 49.c5 f5+ 50.Kd3 e4+
51.Kc4 Bb8 52.Kb3 e3  0-1

[Event "29th ECC Open 2013"]
[Site "Rhodes GRE"]
[Date "2013.10.26"]
[Round "7.2"]
[White "Caruana,F"]
[Black "Svidler,P"]
[Result "1/2-1/2"]
[WhiteElo "2779"]
[BlackElo "2740"]

1.e4 c5 2.Nf3 e6 3.d4 cxd4 4.Nxd4 Nc6 5.Nc3 Qc7 6.Be3 a6 7.Qd2 Nf6 8.O-O-O Be7
9.f3 b5 10.g4 Nxd4 11.Bxd4 Bb7 12.Kb1 O-O 13.Qf2 Rac8 14.Rg1 Bc6 15.Bd3 b4
16.Ne2 d5 17.g5 Nh5 18.exd5 Bxd5 19.Rg4 e5 20.Be3 Qc6 21.Rf1 g6 22.Nc1 f5
23.gxf6 Nxf6 24.Rgg1 Nh5 25.Qd2 Bxf3 26.Nb3 Rfd8 27.Qf2 Rf8 28.Bh6 Rf7 29.Qe3 e4
30.Nd4 Qd5 31.Nxf3 exd3 32.Qxd3 Qxd3 33.cxd3 Bf8 34.Bd2 Bd6 35.Ng5 Rxf1+
36.Rxf1 Bxh2 37.Bxb4 Be5 38.Ne6 Ng7 39.Re1 Bg3 40.Re4 Re8 41.Nc5 h5 42.Bc3 Rxe4
43.Nxe4 Bf4 44.Kc2 Nf5 45.Kd1 Kf7 46.Bd2 Be5 47.b4 Ke6 48.a4 Ng3 49.Nxg3 Bxg3
50.b5 axb5 51.axb5 Kd5 52.Be3 Bd6 53.Ke2 Bc5 54.Bg5 Bb6 55.Kf3 Kc5 56.Ke4 Bc7
57.d4+ Kxb5 58.Kd5 Bg3 59.Be3 Kb4 60.Ke6 h4 61.d5 Kc4 62.d6 Bxd6 63.Kxd6 Kd3
64.Bg1 Ke4 65.Ke6 g5 66.Kf6 Kf4 67.Bh2+ Kg4 68.Kg6 Kh3 69.Kxg5 Kxh2 70.Kxh4  1/2-1/2

[Event "29th ECC Open 2013"]
[Site "Rhodes GRE"]
[Date "2013.10.26"]
[Round "7.14"]
[White "Judkovsky,Yair"]
[Black "Zymberi,As"]
[Result "1-0"]
[WhiteElo "2348"]
[BlackElo "2132"]

1.e4 c5 2.Nf3 e6 3.d4 cxd4 4.Nxd4 Nc6 5.Nc3 Qc7 6.g3 a6 7.Bg2 d6 8.O-O Bd7
9.Re1 Be7 10.Nxc6 Bxc6 11.Qg4 h5 12.Qe2 h4 13.a4 hxg3 14.hxg3 Kf8 15.a5 Nf6
16.Be3 g6 17.Bb6 Qd7 18.Rad1 e5 19.Nd5 Bxd5 20.exd5 Bd8 21.c4 Bxb6 22.axb6 a5
23.c5 dxc5 24.Qxe5 Kg7 25.d6 Rh5 26.Qe7 Qf5 27.Qxb7 Rah8 28.Qf3 Qg5 29.d7 Rd8
30.b7 Qh6 31.b8=Q Rxb8 32.d8=Q Rxd8 33.Rxd8 Rf5 34.Qe3 Qh5 35.Qe7 Ng4 36.Qf8+  1-0

[Event "29th ECC Open 2013"]
[Site "Rhodes GRE"]
[Date "2013.10.26"]
[Round "7.5"]
[White "Mamedov,Nid"]
[Black "Rublevsky,S"]
[Result "0-1"]
[WhiteElo "2612"]
[BlackElo "2695"]

1.e4 c5 2.Nf3 e6 3.d4 cxd4 4.Nxd4 Nc6 5.Nc3 a6 6.Nxc6 bxc6 7.Bd3 Qc7 8.O-O Nf6
9.Qe2 d5 10.b3 Be7 11.Bb2 O-O 12.Rae1 Bb7 13.Kh1 Rfe8 14.f4 Nd7 15.e5 Nc5
16.Qh5 Nxd3 17.cxd3 c5 18.Rc1 d4 19.Na4 Bc6 20.Ba3 Bxa4 21.bxa4 Rad8 22.Rc4 Rd5
23.Rfc1 g5 24.g3 gxf4 25.gxf4 Kh8 26.Rg1 Rdd8 27.Rc2 Rg8 28.Rcg2 Rg6 29.h3 Qc6
30.Kh2 Rdg8 31.Rxg6 Rxg6 32.Rxg6 fxg6 33.Qd1 Qd5 34.Qe2 Kg7 35.Kg3 Qh1 36.Qg2 Qe1+
37.Kh2 Qc3  0-1

[Event "17th OIBM 2013"]
[Site "Bad Wiessee GER"]
[Date "2013.10.27"]
[Round "3.46"]
[White "Bromberger,S"]
[Black "Mueller,Fra3"]
[Result "1-0"]
[WhiteElo "2521"]
[BlackElo "2147"]

1.e4 c5 2.Nf3 e6 3.d4 cxd4 4.Nxd4 Nc6 5.Nc3 Qc7 6.Be3 a6 7.Qd2 Nf6 8.O-O-O Bb4
9.f3 Ne5 10.Nb3 d5 11.Bd4 O-O 12.a3 Bd6 13.exd5 exd5 14.Qf2 b5 15.Bxb5 Bxa3
16.bxa3 axb5 17.Qg3 Nfd7 18.f4 Ng6 19.Nxd5 Qd6 20.Bb2 Qb8 21.f5 Qxg3 22.hxg3  1-0

[Event "17th OIBM 2013"]
[Site "Bad Wiessee GER"]
[Date "2013.10.28"]
[Round "4.1"]
[White "Kurmann,O"]
[Black "Berkes,F"]
[Result "0-1"]
[WhiteElo "2411"]
[BlackElo "2673"]

1.e4 c5 2.Nf3 e6 3.d4 cxd4 4.Nxd4 Nc6 5.Nc3 Qc7 6.Be3 a6 7.Qd2 Nf6 8.O-O-O Be7
9.f3 b5 10.g4 Nxd4 11.Qxd4 Bb7 12.g5 Nh5 13.Ne2 Rc8 14.Qd2 d5 15.e5 d4 16.Nxd4 O-O
17.Bg2 Rfd8 18.f4 Bxg2 19.Qxg2 Qc4 20.Kb1 Nxf4 21.Bxf4 Rxd4 22.Rxd4 Qxd4
23.Qf3 Qc4 24.c3 Rd8 25.Rf1 Rd7 26.b3 Qc8 27.h4 g6 28.Rc1 Rc7 29.Kb2 a5 30.Qd3 Qb7
31.c4 Rd7 32.Qe2 bxc4 33.Qxc4 Qf3 34.Rc2 Rd5 35.Rd2 Rc5 36.Qd4 a4 37.Be3 a3+
38.Kb1 Rd5 39.Qf4 Qh1+ 40.Kc2 Qa1  0-1

[Event "17th OIBM 2013"]
[Site "Bad Wiessee GER"]
[Date "2013.10.28"]
[Round "4.3"]
[White "Eggleston,D"]
[Black "Delchev,A"]
[Result "1-0"]
[WhiteElo "2399"]
[BlackElo "2643"]

1.e4 c5 2.Nf3 e6 3.d4 cxd4 4.Nxd4 Nc6 5.Nc3 Qc7 6.Be3 a6 7.Bd3 Nf6 8.O-O Ne5
9.h3 Bc5 10.Qe2 d6 11.f4 Ng6 12.Qf2 b6 13.g4 e5 14.Nde2 exf4 15.Nxf4 Nxf4
16.Qxf4 Be6 17.Rae1 O-O 18.Nd5 Bxd5 19.exd5 Nd7 20.b4 Bxe3+ 21.Rxe3 Ne5 22.c4 a5
23.a3 axb4 24.axb4 Ra4 25.Rb1 Rfa8 26.Bf1 h6 27.Qd4 Ra3 28.Rbb3 Ra1 29.c5 bxc5
30.bxc5 R8a4 31.Qc3 Qa7 32.cxd6 Qa6 33.Rb8+ Kh7 34.Qc2+ Ng6 35.Qd3 Qa7 36.Rb2 R4a3
37.Rb3 Rxb3 38.Qxb3 Qa6 39.Rf3 Ne5 40.Qc2+ g6 41.Rf6 Kg7 42.Qf2 Qb7 43.Qd4 Kxf6
44.Qf4+  1-0

[Event "17th OIBM 2013"]
[Site "Bad Wiessee GER"]
[Date "2013.10.28"]
[Round "4.41"]
[White "Zude,A"]
[Black "Hornung,H"]
[Result "1-0"]
[WhiteElo "2416"]
[BlackElo "2110"]

1.e4 c5 2.Nf3 e6 3.d4 cxd4 4.Nxd4 Nc6 5.Nc3 a6 6.Be3 Nf6 7.Qd2 Bb4 8.f3 d5
9.a3 Be7 10.exd5 exd5 11.O-O-O O-O 12.Nb3 Qc7 13.Bf4 Ne5 14.Qd4 Bd6 15.Nxd5 Nxd5
16.Qxd5 Bf5 17.Nd4 Rac8 18.Qb3 Nd3+ 19.Bxd3 Bxf4+ 20.Kb1 Bd7 21.Be4 b5 22.g3 Be5
23.Rd3 Rb8 24.Rhd1 Rfc8 25.Bf5 Bxd4 26.Bxd7 Qxd7 27.Rxd4 Qe8 28.Re4 Qc6 29.Re7 Qf6
30.Rdd7 Rf8 31.Qd5 g6 32.f4 b4 33.a4 Rb6 34.Rb7 Rd6 35.Qc4 a5 36.Rbc7 Rd1+
37.Ka2 Rd2 38.h4 h5 39.Red7 Rxd7 40.Rxd7 Qf5 41.Rd5 Qe6 42.Rc5 Qe3 43.Rxa5 Qxg3
44.Rg5 Qxh4 45.Rxg6+ Kh7 46.Rg5 Qh1 47.Qd3+ Kh6 48.Qd6+  1-0

[Event "18th Casino de Barcelona 2013"]
[Site "Barcelona ESP"]
[Date "2013.10.28"]
[Round "4.2"]
[White "Hansen,Eric"]
[Black "Shankland,S"]
[Result "1-0"]
[WhiteElo "2567"]
[BlackElo "2605"]

1.e4 c5 2.Nf3 e6 3.d4 cxd4 4.Nxd4 Nc6 5.Nc3 Qc7 6.Be3 a6 7.Qd2 Nf6 8.f4 b5
9.e5 b4 10.Ncb5 axb5 11.Nxb5 Qb8 12.exf6 gxf6 13.c4 bxc3 14.bxc3 Ra5 15.a4 Ba6
16.Kf2 Be7 17.Be2 O-O 18.Qxd7 Bb7 19.Rhd1 Rc8 20.g3 Bf8 21.Nd6 Bxd6 22.Qxd6 Qa8
23.Rdb1 Rd5 24.Qa3 Ba6 25.c4 Nd4 26.cxd5 Nxe2 27.Qb3 exd5 28.Qa3 Nd4 29.Qb3 Ne2
30.Bd2 Re8 31.Qb6 Kg7 32.f5 Nc3 33.Bh6+ Kg8 34.Re1 Be2 35.Qd4 Qc8 36.Kg1 Qa6
37.Qg4+  1-0

[Event "Chinese Zonal w 2013"]
[Site "Zhongshan CHN"]
[Date "2013.10.30"]
[Round "2.13"]
[White "Xu,F"]
[Black "Li,Yunshan"]
[Result "0-1"]
[WhiteElo "1995"]
[BlackElo "1767"]

1.e4 c5 2.Nf3 e6 3.d4 cxd4 4.Nxd4 Nc6 5.Nc3 Qc7 6.Be2 a6 7.O-O Nf6 8.Be3 Bb4
9.Na4 Be7 10.Nxc6 bxc6 11.Nb6 Rb8 12.Nxc8 Qxc8 13.Bd4 c5 14.Be5 Rb6 15.Qd3 d6
16.Bc3 O-O 17.a4 d5 18.exd5 Nxd5 19.a5 Nf4 20.Qe4 Nxe2+ 21.Qxe2 Rd6 22.Rfd1 Rfd8
23.Rxd6 Rxd6 24.Rd1 Qd8 25.Rxd6 Qxd6 26.g3 Bf8 27.Be5 Qc6 28.b3 f6 29.Bc3 Qd6
30.Qg4 Be7 31.Kf1 Qd5 32.Ke2 Kf7 33.h4 h5 34.Qf4 Bd6 35.Qe3 Ke7 36.Qd3 Qxd3+
37.Kxd3 Kd7 38.Kc4 Kc6 39.Bd2 Be7 40.Be3 g5 41.hxg5 fxg5 42.Kd3 h4 43.gxh4 gxh4
44.Bf4 h3 45.Ke2 Bd6 46.Bxd6 Kxd6 47.Kf3 Kd5 48.Kg3 Kd4 49.Kxh3 Kc3 50.Kg4 Kxc2
51.Kf4 Kxb3 52.Ke5 c4 53.Kxe6 c3  0-1

[Event "18th Casino de Barcelona 2013"]
[Site "Barcelona ESP"]
[Date "2013.10.31"]
[Round "7.2"]
[White "Alsina Leal,D"]
[Black "Lopez Martinez,Josep"]
[Result "1-0"]
[WhiteElo "2539"]
[BlackElo "2555"]

1.e4 c5 2.Nf3 e6 3.d4 cxd4 4.Nxd4 Nc6 5.Nc3 Qc7 6.f4 a6 7.Be3 d6 8.Bd3 Nf6
9.Qf3 Be7 10.Rg1 h5 11.h3 h4 12.O-O-O Bd7 13.Qf2 b5 14.Kb1 Nb4 15.Be2 Rc8
16.Bf3 Qb8 17.Qd2 a5 18.f5 e5 19.Nde2 d5 20.a3 d4 21.Nxd4 exd4 22.Bxd4 Nxc2
23.Bxf6 Bxf6 24.Qxd7+ Kf8 25.e5 Bxe5 26.Bb7 Re8 27.Kxc2 b4 28.axb4 axb4 29.Nb5 Rh6
30.Kb1 Rb6 31.Bc6 Rc8 32.Bd5 Rf6 33.Bb3 g6 34.Rgf1 g5 35.Rfe1 Re8 36.Nd4 Qa8
37.Nf3 Kg8  1-0

[Event "2nd Karpov Playoff"]
[Site "Cap d'Agde FRA"]
[Date "2013.10.31"]
[Round "1"]
[White "Muzychuk,M"]
[Black "Ivanchuk,V"]
[Result "1-0"]
[WhiteElo "2491"]
[BlackElo "2733"]

1.e4 c5 2.Nf3 e6 3.d4 cxd4 4.Nxd4 Nc6 5.Nc3 a6 6.Be3 Nf6 7.Qd2 Bb4 8.f3 d5
9.Nxc6 bxc6 10.O-O-O Qa5 11.Bd4 O-O 12.Qg5 Ne8 13.a3 Bd6 14.Bd3 c5 15.Bf2 c4
16.Be2 Rb8 17.Bd4 f6 18.Qd2 Rxb2 19.Nxd5 Qxd2+ 20.Rxd2 Rb7 21.Nb6 Bxa3+  1-0

[Event "Stockholm All Saints Open 2013"]
[Site "Stockholm SWE"]
[Date "2013.10.31"]
[Round "2.3"]
[White "Alquist,E"]
[Black "Westerberg,J"]
[Result "0-1"]
[WhiteElo "2061"]
[BlackElo "2404"]

1.e4 c5 2.Nf3 e6 3.d4 cxd4 4.Nxd4 Nc6 5.Nc3 Qc7 6.g3 a6 7.Bg2 Nf6 8.O-O d6
9.Re1 Bd7 10.Nxc6 bxc6 11.Na4 Be7 12.c4 O-O 13.b3 Rad8 14.Bb2 c5 15.Nc3 Bc6
16.Qe2 Rfe8 17.Rad1 Nd7 18.f4 Bf6 19.e5 Bxg2 20.Qxg2 dxe5 21.Ne4 Be7 22.fxe5 Nb8
23.Qf2 Rxd1 24.Rxd1 Rd8 25.Rf1 Rf8 26.Qf4 Nc6 27.Nd6 f6 28.Qg4 Qd7 29.Rd1 f5
30.Qe2 Qc7 31.Qe3 Qa5 32.a4 Qb6 33.Ba3 Nb4 34.Qf3 Rd8 35.Qf4 Nc2 36.a5 Qxa5
37.Bb2 Qa2 38.Bc3 Qxb3 39.Ba5 Rd7 40.Qf2 Nd4 41.Rxd4 cxd4 42.Qxd4 Qb1+ 43.Kg2 Qa2+
44.Bd2 Bg5  0-1

[Event "TCh-FIN SM 2013-14"]
[Site "Joensuu FIN"]
[Date "2013.11.02"]
[Round "5.1"]
[White "Karttunen,M"]
[Black "Kiuttu,R"]
[Result "0-1"]
[WhiteElo "2446"]
[BlackElo "2332"]

1.e4 c5 2.Nf3 e6 3.Nc3 Nc6 4.d4 cxd4 5.Nxd4 Qc7 6.Ndb5 Qb8 7.Be3 a6 8.Bb6 axb5
9.Nxb5 Bb4+ 10.c3 Ba5 11.Nc7+ Qxc7 12.Bxc7 Bxc7 13.Qg4 Be5 14.f4 Nf6 15.Qf3 Bc7
16.Bd3 e5 17.f5 Ne7 18.O-O O-O 19.a4 d5 20.b4 Bd7 21.exd5 Nexd5 22.Be4 Nxe4
23.Qxe4 Nxc3 24.Qxb7 Rfc8 25.Kh1 Rab8 26.Qa7 Bc6 27.b5 Bd5 28.f6 Bb6 29.Qe7 Bd4
30.fxg7 Re8 31.Qb4 Rb6 32.Rae1 Rg6 33.Rf3 Bxf3 34.gxf3 Nd5 35.Qb3 Nf4 36.Qc2 Nh3
37.Rf1 Kxg7 38.Qf5 Nf2+ 39.Rxf2 Bxf2 40.h4 Bxh4 41.a5 Bf2 42.Kh2 Ree6 43.b6 Rg1
44.Qg5+ Rxg5  0-1

[Event "3rd Panama Open"]
[Site "Panama City PAN"]
[Date "2013.11.02"]
[Round "4.17"]
[White "Osorio,J"]
[Black "Prasca Sosa,R"]
[Result "0-1"]
[WhiteElo "1934"]
[BlackElo "2420"]

1.e4 c5 2.Nf3 e6 3.d4 cxd4 4.Nxd4 Nc6 5.Nc3 Qc7 6.g3 a6 7.Bg2 Nf6 8.O-O h5
9.Bg5 Bc5 10.Nxc6 bxc6 11.Na4 Ba7 12.c4 d6 13.Qe2 e5 14.Kh1 h4 15.Bxf6 gxf6
16.g4 h3 17.Bf3 Bd4 18.Rad1 Be6 19.Nc3 Qb6 20.Na4 Qb4 21.b3 Ke7 22.Rxd4 exd4
23.Nb2 Rag8 24.Nd3 Qa5 25.Nf4 Qg5 26.Nxe6 fxe6 27.Rg1 c5 28.Rg3 Rg7 29.Rg1 a5
30.Rg3 Qc1+ 31.Rg1 Qc3 32.Rd1 Rg5 33.Rd3 Qc1+ 34.Rd1 Qf4 35.Rd3 Re5 36.Qd2 Qxd2
37.Rxd2 f5 38.Be2 fxe4 39.Kg1 e3 40.fxe3 Rxe3 41.Bf1 e5 42.Rd3 e4 43.Rd2 Rg8
44.Be2 Rf8  0-1

[Event "3rd Panama Open"]
[Site "Panama City PAN"]
[Date "2013.11.02"]
[Round "4.6"]
[White "Arias,Le"]
[Black "Gonzalez Vidal,Y"]
[Result "1/2-1/2"]
[WhiteElo "2329"]
[BlackElo "2523"]

1.e4 c5 2.Nf3 e6 3.d4 cxd4 4.Nxd4 Nc6 5.Nc3 Qc7 6.g3 a6 7.Bg2 d6 8.O-O Be7
9.Nb3 Nf6 10.f4 Bd7 11.Be3 b5 12.a3 Rc8 13.h3 h5 14.Qd2 O-O 15.Bf3 Rfd8 16.Qf2 Rb8
17.g4 hxg4 18.hxg4 b4 19.axb4 Nxb4 20.g5 Nh7 21.Kg2 f6 22.g6 Nf8 23.f5 exf5
24.exf5 Bxf5 25.Nd5 Qd7 26.Nd4 Bxg6 27.Nf4 d5 28.c3 Nd3 29.Bxd5+ Qxd5+ 30.Nxd5 Be4+
31.Kg1 Rxd5 32.Qh4 Re5 33.b4 f5 34.Qh3 Rb6 35.Nxf5 Rg6+ 36.Kh2 Rxf5 37.Qxf5 Bd6+
38.Bf4 Bxf5 39.Bxd6 Rh6+ 40.Kg3 Rg6+ 41.Kh2 Rh6+ 42.Kg3 Rg6+ 43.Kh2 Rh6+  1/2-1/2

[Event "80th ch-BRA S/F 1 2013"]
[Site "Rio de Janeiro BRA"]
[Date "2013.11.02"]
[Round "4.5"]
[White "Rodriques,E"]
[Black "Disconzi da Silva,R"]
[Result "1/2-1/2"]
[WhiteElo "2241"]
[BlackElo "2374"]

1.e4 c5 2.Nf3 e6 3.d4 cxd4 4.Nxd4 Nc6 5.Nc3 Qc7 6.Be3 a6 7.Bd3 Nf6 8.O-O Nxd4
9.Bxd4 Bc5 10.Bxc5 Qxc5 11.Qf3 O-O 12.Rae1 e5 13.Qg3 d6 14.Qh4 Be6 15.Re3 Rae8
16.Rg3 Nd7 17.Qh6 g6 18.Nd1 Kh8 19.Ne3 Rg8 20.b3 b5 21.a4 Qb4 22.axb5 axb5
23.Kh1 Nc5 24.Nf5 Bxf5 25.exf5 Nxd3 26.Rxd3 Qf4 27.Qxf4 exf4 28.Rxd6 gxf5
29.Rd5 Re2 30.Rxb5 Rd8 31.Kg1 Rxc2 32.Rxf5 Kg7 33.Rxf4 Rb8 34.Re1 Rxb3 35.h3 Rb6
36.Re3 Rg6 37.Re7 Rf6 38.Rxf6 Kxf6 39.Re4 Ra2 40.Rf4+ Kg6 41.Kh2 Rb2 42.Kg3 Rb5
43.Rg4+ Kf6 44.Kh4 Rf5 45.f3 Ra5 46.Rb4 Kg6 47.Rb6+ Kg7 48.f4 Rc5 49.g3 Rc4
50.Ra6 Rb4 51.Kg5 Rb3 52.Kg4 Rb4 53.Ra5 h6 54.Kh4 Rc4 55.Ra1 Rb4 56.Rf1 Ra4
57.Rf3 Ra1 58.f5 Rh1 59.g4 Rh2 60.Kh5 Rh1 61.h4 Ra1 62.Rb3 Ra6 63.Rb7 Rc6
64.Rb4 Ra6 65.g5 hxg5 66.hxg5 Ra1 67.f6+ Kh7 68.Rb5 Rh1+ 69.Kg4 Kg6  1/2-1/2